Urban Agglomeration - Letter C - Statistics

General Stats
  • This quiz has been taken 29 times
  • The average score is 6 of 7
Answer Stats
Second Letter Answer % Correct
A Cairo | Cape Town | Casablanca | Caracas | Campinas
100%
O Colombo | Conakry | Cotonou | Columbus | Córdoba
88%
H Chicago | Chittagong | Charlotte | Chonburi | Chelyabinsk
83%
L Cleveland
79%
I Cincinnati | Ciudad Juárez | Cirebon
75%
E Cebu
67%
U Curitiba | Cuernavaca | Cúcuta | Culiacán
63%
No matching quizzes found
Score Distribution
Percent of People with Each Score
Percentile by Number Answered
Your Score History
You have not taken this quiz